00581nam a22002057a 450000500170000001000130001702000100003003500130004003700160005304000120006908200130008110000170009424500500011124600060016126000710016730000350023850000520027365000290032565000210035420170124105953.0 aA-042919 c00.00 aA-042919 bCen Lib/Ret aDPLbEN a370bGAR aGarry, Ralph aThe psychology of learning /cby Ralph Garry b  bThe Centre for Applied Research in Education, Inc.aNew Yorkc1963 aviii,111p. : c24cm(Hb)bill. aIncludes bibliographical references and index.  aLearning, Psychology of. aLeerpsychologie.